000 00483nam a2200169Ia 4500
003 OSt
005 20200724102113.0
008 190216s9999||||xx |||||||||||||| ||und||
040 _coclc
082 _a515.2
_bSHA/R
100 _aSharma, J N
_93718
245 0 _aReal Analysis /
_cJ N Sharma ; A R Vasishtha
260 _bKrishna Prakasan Mandir,
_c1986.
_aMeerut:
300 _a608p
650 _aMathematics
942 _cBK
_2ddc
_h515.2
_iSHA/R
_k515.2
_mSHA/R
999 _c32091
_d32091